5HLuxD.jpg

KING HENRY VIII SENIOR AND PRIMARY SCHOOL LIBRARY OPAC

FOXY (Record no. 5277)

000 -LEADER
fixed length control field 00316nam a22001217a 4500
008 - FIXED-LENGTH DATA ELEMENTS--GENERAL INFORMATION
fixed length control field 250902b ||||| |||| 00| 0 eng d
020 ## - INTERNATIONAL STANDARD BOOK NUMBER
International Standard Book Number 9780062014191
082 ## - DEWEY DECIMAL CLASSIFICATION NUMBER
Classification number 823.92 DOD
100 ## - MAIN ENTRY--PERSONAL NAME
Personal name DODD,EMMA
Relator term AUTHOR
Language of a work ENGLISH
245 ## - TITLE STATEMENT
Title FOXY
260 ## - PUBLICATION, DISTRIBUTION, ETC.
Place of publication, distribution, etc. 10 EAST 53RD STREET,NEW YORK,NY 10022
Name of publisher, distributor, etc. HarperCollins
942 ## - ADDED ENTRY ELEMENTS (KOHA)
Source of classification or shelving scheme
Holdings
Withdrawn status Lost status Source of classification or shelving scheme Damaged status Not for loan Collection code Permanent Location Current Location Shelving location Date acquired Total Checkouts Total Renewals Full call number Barcode Date last seen Date last checked out Price effective from Koha item type Public note
          Fiction KH8 Primary School Library KH8 Primary School Library Fiction 2025-09-02 2 1 823.92 DOD KHPL000007104 2026-03-10 2026-03-03 2025-09-02 Books - Fiction PRIMARY LIBRARY

Powered By KH8 IT Dept